Detalles MARC
| 000 -LEADER |
| fixed length control field |
02574nam a2200421Ii 4500 |
| 001 - CONTROL NUMBER |
| control field |
DIGSCR0021 |
| 003 - CONTROL NUMBER IDENTIFIER |
| control field |
NyNyDIG |
| 006 - FIXED-LENGTH DATA ELEMENTS--ADDITIONAL MATERIAL CHARACTERISTICS |
| fixed length control field |
m o d |
| 007 - PHYSICAL DESCRIPTION FIXED FIELD--GENERAL INFORMATION |
| fixed length control field |
cr ||||||||||| |
| 008 - FIXED-LENGTH DATA ELEMENTS--GENERAL INFORMATION |
| fixed length control field |
100625s1985 mdu ob 000 0 spa d |
| 020 ## - INTERNATIONAL STANDARD BOOK NUMBER |
| Canceled/invalid ISBN |
0916379310 |
| 020 ## - INTERNATIONAL STANDARD BOOK NUMBER |
| Canceled/invalid ISBN |
9780916379315 |
| 035 ## - SYSTEM CONTROL NUMBER |
| System control number |
(OCoLC)565971762 |
| 040 ## - CATALOGING SOURCE |
| Original cataloging agency |
DGITA |
| Language of cataloging |
eng |
| Description conventions |
pn |
| Transcribing agency |
DGITA |
| 043 ## - GEOGRAPHIC AREA CODE |
| Geographic area code |
e-sp--- |
| 050 14 - LIBRARY OF CONGRESS CALL NUMBER |
| Classification number |
PQ6144 eBook |
| 100 1# - MAIN ENTRY--PERSONAL NAME |
| Personal name |
González, Bernardo Antonio, |
| Dates associated with a name |
1950- |
| 245 10 - TITLE STATEMENT |
| Title |
Parábolas de identidad : |
| Remainder of title |
realidad interior y estragegia narrativa en tres novelistas de posguerra / |
| Statement of responsibility, etc. |
Bernardo Antonio González. |
| 264 #1 - PRODUCTION, PUBLICATION, DISTRIBUTION, MANUFACTURE, AND COPYRIGHT NOTICE |
| Place of production, publication, distribution, manufacture |
Potomac, Md., U.S.A. : |
| Name of producer, publisher, distributor, manufacturer |
Scripta Humanistica, |
| Date of production, publication, distribution, manufacture, or copyright notice |
1985. |
| 300 ## - PHYSICAL DESCRIPTION |
| Extent |
1 online resource (195 pages) |
| 336 ## - CONTENT TYPE |
| Content type term |
text |
| Content type code |
txt |
| Source |
rdacontent |
| 337 ## - MEDIA TYPE |
| Media type term |
computer |
| Media type code |
c |
| Source |
rdamedia |
| 338 ## - CARRIER TYPE |
| Carrier type term |
online resource |
| Carrier type code |
cr |
| Source |
rdacarrier |
| 490 1# - SERIES STATEMENT |
| Series statement |
Scripta humanistica ; |
| Volume/sequential designation |
15. |
| 504 ## - BIBLIOGRAPHY, ETC. NOTE |
| Bibliography, etc. note |
Includes bibliographical references. |
| 505 0# - FORMATTED CONTENTS NOTE |
| Formatted contents note |
Introducción: Notas para un método: el elemento sincrónico -- Notas para un método: el elemento diacrónico -- La novela española de la posguerra - Parte 1, Camilo José Cela -- La familia de Pascual Duarte: La imaginación encarcelada -- El tiempo de la penitencia -- La "reconstrucción" -- La colmena : Comunidad y texto -- Las ventanas sobre la vida -- Descubrimiento y progresión -- Vísperas, festividad y octava de San Camilo del año 1936 en Madrid: Mito e historia -- Inversiones -- Palabras e identidad. Parte 2, Miguel DeIibes -- El camino: Las figuras del "yo" -- La ventana de la nostalgia -- "El camino" --Cinco horas con Mario: El fluir circular -- Dialéctica y representación - Muerte y misterio. Parte 3, Juan Goytisolo -- Duelo en el Paraíso: El presente lírico, inmóvil -- Proteísmo narrativo -- "Parálisis" y "progresión" -- Señas de identidad: Permanencia y presencia -- "Búsqueda interior" -- "testimonio objetivo" -- "Alvaro Mendiola a secas, sin señas de identidad." |
| 600 10 - SUBJECT ADDED ENTRY--PERSONAL NAME |
| Personal name |
Cela, Camilo José, |
| Dates associated with a name |
1916-2002 |
| General subdivision |
Criticism and interpretation. |
| 600 10 - SUBJECT ADDED ENTRY--PERSONAL NAME |
| Personal name |
Delibes, Miguel |
| General subdivision |
Criticism and interpretation. |
| 600 10 - SUBJECT ADDED ENTRY--PERSONAL NAME |
| Personal name |
Goytisolo, Juan |
| General subdivision |
Criticism and interpretation. |
| 650 #0 - SUBJECT ADDED ENTRY--TOPICAL TERM |
| Topical term or geographic name entry element |
Spanish fiction |
| Chronological subdivision |
20th century |
| General subdivision |
History and criticism. |
| 655 #0 - INDEX TERM--GENRE/FORM |
| Genre/form data or focus term |
Electronic books. |
| 791 2# - |
| -- |
Digitalia (Firm), |
| -- |
distributor. |
| 793 0# - |
| -- |
Digitalia eBook Collection: |
| -- |
Scripta Humanistica. |
| 830 #0 - SERIES ADDED ENTRY--UNIFORM TITLE |
| Uniform title |
Scripta Humanistica (Series) ; |
| Volume/sequential designation |
15. |
| 856 40 - ELECTRONIC LOCATION AND ACCESS |
| Materials specified |
Digitalia Hispánica |
| Uniform Resource Identifier |
<a href="https://www.digitaliapublishing.com/a/250/">https://www.digitaliapublishing.com/a/250/</a> |
| 910 ## - USER-OPTION DATA (OCLC) |
| User-option data |
Premium Collection: 2007-2012 |
| 942 ## - ADDED ENTRY ELEMENTS (KOHA) |
| Koha item type |
Recurso Electrónico |